书目信息 |
| 题名: |
班级管理创意无限
|
|
| 作者: | 朱穗清 主编 | |
| 分册: | ||
| 出版信息: | 长春 东北师范大学出版社 2019 |
|
| 页数: | 232页 | |
| 开本: | 24cm | |
| 丛书名: | 名师名校名校长书系 | |
| 单 册: | ||
| 中图分类: | G632.421 , G632.4 | |
| 科图分类: | ||
| 主题词: | 中小学--班级--学校管理--研究 | |
| 电子资源: | ||
| ISBN: | 978-7-5681-5508-3 | |
| 000 | 00962nam0 2200253 450 | |
| 001 | 2375347208 | |
| 005 | 20231022205603.15 | |
| 010 | @a978-7-5681-5508-3@dCNY45.00 | |
| 100 | @a20190716d2019 em y0chiy50 ea | |
| 101 | 0 | @achi |
| 102 | @aCN@b220000 | |
| 105 | @aa z 000yy | |
| 200 | 1 | @a班级管理创意无限@Aban ji guan li chuang yi wu xian@f朱穗清主编 |
| 210 | @a长春@c东北师范大学出版社@d2019 | |
| 215 | @a232页@c彩图,彩照@d24cm | |
| 225 | 1 | @a名师名校名校长书系 |
| 330 | @a本书汇总工作室20多位班主任班级管理上的创意,分为七篇,以实践的精彩案例呈现,细细道出了班主任的教育智慧,给您带来眼前一亮的新鲜感,干货满满,一看就懂,一学就会,一用就灵。本书是年轻班主任迅速成长的必备书,是老手班主任更新管理思维的参考书。 | |
| 410 | 0 | @12001 @a名师名校名校长书系 |
| 606 | 0 | @a中小学@x班级@x学校管理@x研究 |
| 690 | @aG632.421@v5 | |
| 690 | @aG632.4@v4 | |
| 701 | 0 | @a朱穗清@Azhu sui qing@4主编 |
| 801 | 0 | @aCN@b91MARC@c20201006 |
| 905 | @aZUCC@dG632.4@e7 | |
| 班级管理创意无限/朱穗清主编.-长春:东北师范大学出版社,2019 |
| 232页:彩图,彩照;24cm.-(名师名校名校长书系) |
| ISBN 978-7-5681-5508-3:CNY45.00 |
| 本书汇总工作室20多位班主任班级管理上的创意,分为七篇,以实践的精彩案例呈现,细细道出了班主任的教育智慧,给您带来眼前一亮的新鲜感,干货满满,一看就懂,一学就会,一用就灵。本书是年轻班主任迅速成长的必备书,是老手班主任更新管理思维的参考书。 |
| ● |
| 相关链接 |
|
|
|
正题名:班级管理创意无限
索取号:G632.4/7
 
预约/预借
| 序号 | 登录号 | 条形码 | 馆藏地/架位号 | 状态 | 备注 |
| 1 | 2001033729 | 2001033729 | 第四书库/四007架B面3层3列/ [索取号:G632.4/7] | 在馆 | |
| 2 | 2001033730 | 2001033730 | 第四书库/四007架B面3层3列/ [索取号:G632.4/7] | 在馆 | |
| 3 | 2001033731 | 2001033731 | 第四书库/四007架B面3层3列/ [索取号:G632.4/7] | 在馆 | |
| 4 | 2001033732 | 2001033732 | 第四书库/四007架B面3层3列/ [索取号:G632.4/7] | 在馆 | |
| 5 | 2001033733 | 2001033733 | 第四书库/四007架B面3层3列/ [索取号:G632.4/7] | 在馆 | |
| 6 | 2001033734 | 2001033734 | 第四书库/四007架B面3层3列/ [索取号:G632.4/7] | 在馆 |